1517 1095 1594 1691 1336 1689 1528 1943 1103 1745 1683 1403 1223 1978 1920 1477 1799 1622 1336 1864 1660 1978 1673 1106 1549 1446 1404 1995 1990 1229 1637 1346 1277 1828 1281 1285 1243 1128 1182 1693 1086 1963 1988 1118 1930 1886 1054 1001 1199 1946 1521 1421 1493 1681 1785 1407 1511 1361 1326 1475 1828 1823 1593 1213 1653 1273 1389 1938 1244 1558 1992 1900 1333 1000 1742 1916 1838 1452 1562 1223 1824 1389 1191 1095 1945 1464 1617 1438 1625 1610 1916 1936 1264 1183 1052 1042 1903 1089 1759 BCNSPRNW ULIB Ver.6.0+V

เปลี่ยนเป็นภาษาไทย

Change to English
 แสดงรายละเอียดบรรณานุกรม
  กลับหน้าหลัก

Brief Record : Get Marc (ISO 2709) : E-mail record : QR code < ปิดหน้าต่าง
LEADER : 00000nam 2200000uu 4500
001    13399114500
003     ULIB
008    120410s2010||||th 000 0 eng d
020    ^a9780071606387
060 04 ^aWY154^bT329C
100 1  ^aCynthia Lee Terry.&Aurora Weaver
245 10 ^aCritical care nursing /^cCynthia Lee Terry.&Aurora Weaver
260    ^aNew York. :^bMc Graw Hill Medical,^c2010.
300    ^a479 p. :^bcol. ill. ;^c28 cm.
650  0 ^aCritical Care nursing
700    ^aAurora Weaver
945    ^p0^l0^i031621
995    ^aKesorn
999    ^aใช้งานได้ทุกระบบ
รายการนี้ยังไม่มีแท็ก
คุณยังไม่ได้ล็อกอิน คุณสามารถมีกิจกรรมร่วมกับเว็บไซต์ได้ แต่ต้องล็อกอินก่อน ::
  ล็อกอิน

รายการสื่อสารสนเทศ

ลำดับที่ ประเภท เลขเรียก/บาร์โค้ด สถานที่ สถานะ
- ไม่พบข้อมูล -

รายการใกล้เคียง
    หัวเรื่อง [Critical Care nursing]

BibComment


ยังไม่เคยถูกคอมเมนท์

คอมเมนท์ทรัพยากรรายการนี้
  คอมเมนท์: Critical care nu..


 Copyright 2026. Bcnsprnw @Library